Países com mais Gols na Premier League - Statistics

Estatísticas Gerais
  • Esse quiz foi jogado 411 vezes
  • A pontuação média é 14 de 20
Estatísticas das Respostas
Gols País % Correto
762 Brasil
98%
913 Espanha
96%
1.692 França
95%
14.754 Reino Unido
95%
565 Argentina
94%
451 Portugal
93%
413 Alemanha
92%
454 Itália
88%
1.013 Países Baixos
84%
688 Bélgica
77%
1.065 Irlanda
76%
251 Suécia
75%
609 Noruega
69%
299 Dinamarca
58%
415 Senegal
46%
571 Nigéria
43%
421 Costa do Marfim
42%
270 Austrália
40%
207 Sérvia
37%
421 Jamaica
7%
Nenhum quiz correspondente encontrado
Distribuição das Pontuações
Porcentagem de Pessoas com Cada Pontuação
Percentil de Números Respondidos
Sua Pontuação Histórica
Você não jogou esse quiz